000 00736nam a2200241 i 4500
001 bg
245 0 0 _aMinisterstwo Edukacji Narodowej o wychowaniu w szkole /
_c[zeszyt oprac. Kazimierz Korab].
260 _aWarszawa :
_bMEN. Biuro Administracyjno-Gospodarcze,
_c1999.
300 _a64 s. ;
_c20 cm.
490 1 _aBiblioteczka Reformy ;
_v13
500 _aNazwa wydawcy w cop.
650 9 _aUczniowie
_xwychowanie
_zPolska
_yod 1989 r.
700 1 _aKorab, Kazimierz.
_eOprac.
830 0 _aBiblioteczka Reformy ;
_v13
020 _a8388035134
040 _cBPK
041 0 _apol
044 _aPOL
080 _a37.018.2(438)"1989/..."
920 _a83-88035-13-4
942 _cKS
008 100824s1999 pl a |000 0 pol
999 _c50812
_d50812
856 _uhttp://koha.tu.koszalin.pl/cgi-bin/koha/opac-detail.pl?biblionumber=50812
_yKatalog online BPK